| 000 | 01400cam a2200313 a 4500 | ||
|---|---|---|---|
| 999 |
_c129205 _d129205 |
||
| 001 | 2371877 | ||
| 003 | ARRUPE | ||
| 005 | 20190314093851.0 | ||
| 008 | 840124s1983 nyu 000 0 eng | ||
| 010 | _a 84108251 | ||
| 040 |
_aDLC _cDLC _dDLC |
||
| 050 | 0 | 0 |
_aBX2290 _b.P293 |
| 082 | 0 | 0 |
_a264/.027 _219 |
| 110 | 2 |
_aCatholic Church. _945225 |
|
| 245 | 1 | 0 |
_aPastoral care of the sick : _brites of anointing and viaticum / _cprepared by International Commission on English in the Liturgy. |
| 260 |
_aLondon : _bVeritas Publications, _cc1983. |
||
| 300 |
_a340 p. ; _c23 cm. |
||
| 490 | 1 | _aThe Roman ritual | |
| 500 | _a"Approved for use in the dioceses of the United States of America by the National Conference of Catholic Bishops and confirmed by the Apostolic See." | ||
| 500 | _aBased on the Latin Ordo unctionis infirmorum eorumque pastoralis curae of 1972. | ||
| 500 | _aScriptural texts in the New American Bible version. | ||
| 610 | 2 | 0 |
_aCatholic Church _xRituals _xAnointing of the sick _945226 |
| 650 |
_aChurch work with the sick _918717 |
||
| 710 | 2 |
_aInternational Commission on English in the Liturgy. _945227 |
|
| 710 | 2 |
_aCatholic Church. _tOrdo unctionis infirmorum eorumque pastoralis curae. _945228 |
|
| 810 | 2 |
_aCatholic Church. _tRoman ritual (New York, N.Y.) _945229 |
|
| 906 |
_a7 _bcbc _corignew _d2 _encip _f19 _gy-gencatlg |
||
| 942 |
_2lcc _cMONOGRAPH |
||